000 00941cam a2200253 a 4500
001 000006810
005 20200929154011.0
008 820610s1967 sp ab 001 0 spa d
040 _aDO-SdBNP
_cCarP
_dDLC
_dBNPHU
043 _ae-sp---
082 _aNNNN
_bB425e
100 1 _aBeladiez, Emilio,
_96831
245 1 0 _aEspaña y el sacro imperio romano germánico :
_bwallenstein (1583-1634) /
_cEmilio Beladiez ; prólogo de Marqués de lozoya.
260 _aMadrid :
_bPrensa Española,
_c1967.
300 _a397 p. :
_bill., mapas ;
_c22 cm.
490 1 _aLos tres dados
600 1 0 _aWallenstein, Albrecht Wenzel Eusebius von,
_cHerzog von Friedland, 1583-1634.
_918936
651 0 _aSpain
_xHistory
_yHouse of Austria, 1516-1700.
_918937
651 0 _aHoly Roman Empire
_xHistory
_y1517-1648.
_918938
700 1 _aMarqués de lozoya,
_epról.
_918939
830 4 _aLos tres dados
_96832
910 _aCatalogación derivada
049 _aBNGR
999 _c6598
_d6598